000 00899nam a2200289 i 4500
003 EG-GICUC
005 20260121101453.0
008 251213s1943 uk ||||fr ||| 00| 0 eng d
040 _aEG-GICUC
_cEG-GICUC
_dEG-GICUC
_erda
_beng
041 0 _aeng
082 0 4 _221
_a341.6
_bIN . M
092 0 4 _221
099 _aLaw1 11 341.6 IN . M 1943
110 1 _kInternational Labour Office
_eAuthor.
245 1 2 _aMerchant Seamen And The war /
_hNo.5.
_cInternational Labour Office .
264 0 _aCanada :
_bInternational Labour Office ,
_c1943 .
300 _a154 Pages;
_c30 cm.
336 _atext
_2rda content
337 _aComputer
_2rda media
338 _aOnline Resource
_2rda carrier
546 _aText in English
650 0 4 _aPublic international law
650 0 4 _aMilitary law
856 _uhttps://fll.law.cu.edu.eg/fulltext/th/B11-05629.pdf
905 _a59
942 _2ddc
_cBK
_e21
_n0
999 _c49918
_d49918